000 00477nam a2200169 i 4500
001 61713
003 ES-MaACL
005 20240526062938.0
007 t|
008 031113s1910 fr ||||1| fre d
100 1 _aFaguet, Émile,
_d1847-1916
_948632
245 1 0 _aRousseau penseur /
_cEmile Faguet.
260 _aParis :
_b[s.n.,
_c1910] (
_fSocietè Francaise d'Imprimerie)
300 _a408 p. ;
_c18 cm.
852 _aES-MaACL
_jF-4159
999 _c61713
_d61713